000 00556nam a2200193Ia 4500
005 20250508160214.0
008 008 250505s9999 xx 000 0 eng d
037 _aBooks to be hide in OPAC
040 _aFEDL
_beng
_cFEDL
041 _aeng
_2eng
084 _qFEDL
100 _aCoates Charles P.
_9768135
245 0 _aHistory of the manual training school of Washington University
260 _aWashington, USA
_bU.S. Government Printing Office
_c1923
300 _a86p.
546 _aWeeded out
942 _cHB
999 _c1362658
_d1362658